[Event "EOBCC TOP16 2020"]
[Site "Online"]
[Date "2020.12.19"]
[Round "1.2"]
[White "Onischuk, Vladimir"]
[Black "Bluebaum, Matthias"]
[Result "0-1"]
[WhiteElo "2633"]
[BlackElo "2672"]
[Annotator "TA"]
[PlyCount "98"]
[EventDate "2020.12.18"]
[EventType "k.o."]
[EventCountry "NET"]
[SourceTitle "playchess.com"]
[Source "ChessBase"]
[SourceQuality "1"]

{[%evp 13,98,-16,-7,-27,-12,-30,24,-22,-19,-27,-27,-25,17,18,12,-20,0,0,25,29,29,25,25,24,28,0,37,37,41,42,70,0,10,12,35,13,16,4,8,0,0,0,0,0,0,0,0,0,0,0,0,-12,-12,-17,-26,-291,-291,-259,-245,-335,-279,-497,-466,-513,-497,-493,-325,-391,-369,-530,-523,-512,-464,-804,-796,-752,-741,-1386,-1439,-1458,-1415,-1294,-1327,-1253,-1206,-871,-799]} 1. g3 d5 2. Bg2 Nf6 3. d3 c5 4. Nf3 Nc6 5. O-O g6 6. Nc3 Bg7 7. e4 O-O 8. h3 {A05: Réti Opening: 1 Nf3 Nf6.} e6 9. Re1 a6 {[#]} ({Black should try} 9... d4 10. Ne2 e5) 10. e5 $146 {White has an edge.} ({Predecessor:} 10. Qe2 d4 11. Nb1 b5 12. a3 Bb7 13. Nbd2 Qc7 14. Nf1 Rac8 15. Bf4 Qb6 16. b3 {0-1 (31) Bruno,R (1983)-Verhasselt,K (2108) Belgium 2018}) 10... Nd7 {[%cal Rd7e5]} 11. Bf4 $1 b5 12. Qd2 Nd4 13. Nxd4 cxd4 14. Nb1 Qc7 {[%cal Rg7e5]} 15. c3 dxc3 ({Don't play} 15... Bxe5 $6 {[#]} 16. Rxe5 $1 {[%mdl 512]} dxc3 17. Qxc3 $16) 16. Nxc3 Bb7 17. Rac1 Qb6 18. d4 Rac8 19. b3 a5 20. Bf1 Ba6 21. Qd3 {[%cal Rc3b5]} Nb8 22. Qe3 (22. Nxb5 $14 Nc6 23. a4) 22... Nc6 23. Red1 Rc7 24. a4 bxa4 $1 25. Nxa4 Qa7 $1 26. Bxa6 Qxa6 27. Rc3 Rfc8 28. Rdc1 Qa7 29. Bg5 Nb4 30. Rxc7 Rxc7 31. Kg2 Bf8 {Threatens to win with ...Rxc1.} 32. Rxc7 Qxc7 33. Qd2 Qc2 34. Be3 $2 {[%mdl 8192] White does not recover from this.} (34. Qxc2 $11 Nxc2 35. Be3) 34... Qxb3 $19 35. Nc5 Qc2 36. Qe1 Nc6 37. Qa1 $2 (37. Nd7) 37... Bxc5 38. dxc5 {[#]} d4 $1 {[%mdl 512]} 39. Bh6 (39. Bxd4 Qe4+) 39... Qxc5 40. Qb1 Nb4 41. Qb3 (41. Kg1 {was worth a try.}) 41... Qd5+ {Black is clearly winning.} 42. Qxd5 Nxd5 {[%mdl 4096] Endgame KB-KN} 43. Kf3 (43. Bc1 $142 f6 44. Bb2) 43... a4 {...a3 is the strong threat.} 44. Bc1 Nc3 45. Bb2 Kf8 46. Kg2 Ke8 47. Kf1 Kd7 48. Ke1 Kc6 49. Kd2 Kd5 {Accuracy: White = 57%, Black = 82%.} 0-1

[Event "EOBCC TOP16 2020"]
[Site "Online"]
[Date "2020.12.19"]
[Round "1.2"]
[White "Yilmaz, Mustafa"]
[Black "Pantsulaia, Levan"]
[Result "1-0"]
[WhiteElo "2630"]
[BlackElo "2553"]
[Annotator "TA"]
[PlyCount "73"]
[EventDate "2020.12.18"]
[EventType "k.o."]
[EventCountry "NET"]
[SourceTitle "playchess.com"]
[Source "ChessBase"]
[SourceQuality "1"]

{[%evp 12,73,64,52,48,36,43,39,39,21,33,39,29,0,29,24,47,37,77,35,91,-41,136,28,27,32,28,35,27,0,22,7,38,43,53,47,71,83,170,168,259,252,400,368,339,291,611,585,778,750,2511,2323,29990,29991,29991,29992,29992,29974,29986,29987,29987,29988,29988,29986]} 1. d4 Nf6 2. c4 g6 3. Nc3 Bg7 4. e4 O-O 5. Nf3 c6 6. Be2 d5 7. e5 Ne8 {E70: King's Indian: Miscellaneous lines with 4 e4, including 5 Nge2 and 5 Bd3 0-0 6 Nge2.} 8. cxd5 cxd5 9. h4 h5 {[#] White is slightly better.} 10. Qb3 $146 ({Predecessor:} 10. Be3 Nc6 11. O-O Nc7 12. Qb3 Na5 13. Qb4 Nc6 14. Qb3 Na5 15. Qb4 b6 16. Rac1 {½-½ (68) Potkin,V (2585)-Jobava,B (2676) Moscow 2016}) 10... Nc7 11. Be3 Nc6 12. Ng5 Na5 13. Qa4 b6 14. Rc1 Bd7 15. Qd1 Nc4 {[#]} ({Black should play} 15... f6 $14) 16. Bf3 (16. Nxd5 $1 $16 {[%mdl 512]} Nxd5 17. Bxc4) 16... Nxb2 $2 (16... Bf5 $15 {stays ahead.} 17. Qb3 Rc8) 17. Qe2 ({White must play} 17. Qc2 $16 Nc4 18. Nxd5 {[%mdl 64] Discovered Attack} Nxe3 19. Nxe3) 17... Nc4 $11 18. Nxd5 Nxd5 19. Bxd5 Nxe3 20. fxe3 {Black must now prevent 0-0.} Rc8 21. O-O {[%cal Rg5f7]} Rxc1 22. Rxc1 {And now Nxf7 would win.} e6 23. Bf3 Qb8 24. Bxh5 Rc8 (24... Bh6 $16) 25. Rf1 $18 Be8 (25... Rf8 $142 26. Bg4 Qe8) 26. Bg4 Rc3 (26... Qb7 {was worth a try.} 27. h5 Bh6) 27. h5 {aiming for hxg6.} Bh6 28. Ne4 Rxe3 $2 (28... Bxe3+ 29. Kh1 Bxd4 30. Nxc3 Qxe5) 29. Nf6+ Kg7 30. Qf2 Bb5 {[#]} 31. hxg6 $1 {[%mdl 512]} fxg6 {[#]} 32. Nh5+ $1 {[%mdl 512] White mates.} gxh5 {[#]} 33. Qf7+ $1 {[%mdl 512]} Kh8 34. Rf6 {[%cal Rf6h6]} Qf8 35. Qxh5 Qg7 36. Rxh6+ Kg8 {[#]} 37. Rg6 $1 {Accuracy: White = 70%, Black = 42%.} 1-0

[Event "EOBCC TOP16 2020"]
[Site "Online"]
[Date "2020.12.19"]
[Round "1.2"]
[White "Deac, Bogdan-Daniel"]
[Black "Jones, Gawain C B"]
[Result "1/2-1/2"]
[WhiteElo "2625"]
[BlackElo "2670"]
[Annotator "TA"]
[PlyCount "124"]
[EventDate "2020.12.18"]
[EventType "k.o."]
[EventCountry "NET"]
[SourceTitle "playchess.com"]
[Source "ChessBase"]
[SourceQuality "1"]

{[%evp 14,124,22,25,34,16,24,24,32,18,49,21,99,113,87,85,135,137,101,132,156,116,146,125,143,120,156,160,221,234,228,206,185,206,342,335,312,22,22,41,38,34,29,8,8,8,8,8,7,7,8,0,0,0,2,0,8,0,66,67,66,0,38,8,29,37,34,10,14,16,18,5,23,19,25,22,91,8,8,0,0,0,0,0,0,0,0,0,0,0,0,0,0,0,0,0,0,0,0,0,0,0,0,0,0,0,0,0,0,0,0,0,0]} 1. e4 e5 2. Nf3 Nc6 3. Bc4 Nf6 4. Ng5 d5 5. exd5 Na5 6. Bb5+ c6 7. dxc6 bxc6 8. Bd3 Nd5 {C58: Two Knights: 4 Ng5 d5 5 exd5 Na5 sidelines.} 9. Nf3 Nf4 10. O-O Nxd3 {White has an edge.} 11. cxd3 Bd6 $1 (11... Qxd3 $6 12. Nxe5 Qa6 13. Re1 $16) 12. d4 {[#]} (12. b4 $5 {[%cal Rb4a5]} Nb7 13. Qc2 $14) 12... e4 $146 {[#]} (12... exd4 $11 {keeps the balance.} 13. Re1+ Be6) ({Predecessor:} 12... exd4 13. Re1+ Be6 14. Nxd4 Bxh2+ 15. Kxh2 Qxd4 16. Qh5 Qd6+ 17. Kg1 Nb7 18. b3 O-O {½-½ (44) Kostin,A (2299)-Kharchenko,B (2467) Voronezh 2016}) 13. Re1 $1 $16 O-O 14. Rxe4 Bf5 15. Re1 Bg4 16. d3 Qf6 17. Be3 Rab8 18. Nbd2 Rxb2 19. Qa4 Rb5 20. h3 Bxh3 (20... Bh5 $16 {was called for.} 21. Ne4 Qd8) 21. gxh3 $18 Qg6+ 22. Kf1 Qxd3+ 23. Re2 f5 {[#]} (23... Qf5 $142) 24. Ne1 $1 {[%cal Re1d3]} Qc3 25. Nb3 $2 (25. Rd1 $18) 25... f4 $11 {[%cal Ra5b3]} 26. Rc1 Qb4 27. Qxb4 Bxb4 28. Bd2 (28. Nxa5 {is more complex.} Bxa5 29. Bd2 f3 30. Nxf3 Rxf3 31. Rxc6 Bb6 32. Rd6) 28... Nxb3 29. axb3 {Bxb4 is the strong threat.} f3 30. Nxf3 $1 Rxf3 {[%mdl 64] Double Attack} 31. Bxb4 Rxb4 {[%mdl 64] Double Attack} 32. Rxc6 {[%mdl 4096] Endgame Threatening Re7. KRR-KRR} Rb7 (32... Rfxb3 $6 33. Re7 $16) 33. Re3 Rxb3 34. Re7 h5 35. Rcc7 Kh7 ({Better is} 35... Rb2 $11) 36. Rxg7+ $14 Kh6 37. Rgd7 (37. Rh7+ $14 Kg6 38. Rcg7+ (38. Rxa7 Rxh3 39. Rhg7+ Kf6 $14) 38... Kf6 39. Rf7+ (39. Rxa7 Rxh3 40. Ra6+ Kg5 $14) 39... Kg5 40. Rhg7+ (40. Rxa7 Rb2 $11) 40... Kh6 41. Rxf3 (41. Rxa7 Rxh3 42. Rge7 Rb5 $14) 41... Rxf3 42. Rg3 (42. Rxa7 Rxh3 43. Ke2 Rb3 $11) 42... Rxg3 43. fxg3) 37... Rxh3 38. Kg2 Rhd3 39. Rd6+ Kg5 40. Rc5+ Kf4 41. Rxh5 Rb6 42. Rh4+ Kf5 43. Rd7 Rg6+ 44. Kf1 a5 (44... Ra6 $11) 45. d5 (45. Rd5+ $16 Kf6 46. Rxa5) 45... Ke5 $11 {The position is equal.} 46. Rd8 Rf6 47. Ke2 Ra3 48. Rh5+ Kd4 49. Kf1 Ra2 50. Rh2 a4 51. d6 Ra1+ 52. Kg2 Ra2 53. Kg3 Ra3+ 54. Kg4 Raf3 55. Rh5 R6f4+ 56. Kg5 Rf5+ 57. Kg6 Rxh5 58. Kxh5 {Strongly threatening d7.} Kd5 59. d7 {White threatens Rb8 and mate.} Kd6 60. Ra8 Kxd7 61. Rxa4 Rxf2 62. Kg5 Ke6 {Black defended with fortune.  Weighted Error Value: White=0.20/Black=0.16} 1/2-1/2

[Event "EOBCC TOP16 2020"]
[Site "Online"]
[Date "2020.12.19"]
[Round "1.2"]
[White "Demidov, Mikhail"]
[Black "Shirov, Alexei"]
[Result "1/2-1/2"]
[WhiteElo "2526"]
[BlackElo "2662"]
[Annotator "TA"]
[PlyCount "43"]
[EventDate "2020.12.18"]
[EventType "k.o."]
[EventCountry "NET"]
[SourceTitle "playchess.com"]
[Source "ChessBase"]
[SourceQuality "1"]

{[%evp 14,25,9,0,0,0,0,0,0,0,0,0,0,0]} 1. d4 d5 2. c4 c6 3. Nf3 Nf6 4. cxd5 cxd5 5. Nc3 Nc6 6. Bf4 a6 7. e3 {7.Rc1 is the modern continuation.} Bg4 8. Qb3 {The position is equal.} Bxf3 {has lost popularity (8...Na5). D13: Slav Defence: Exchange variation without ...Bf5.} 9. gxf3 Na5 10. Qa4+ Nc6 $1 11. Qb3 Na5 12. Qa4+ Nc6 $1 13. Qb3 {[#] A rather calm draw.  Weighted Error Value: White=0.02/Black=0.00} {Predecessor:} Ra7 $146 14. Bd3 e6 15. Rc1 Bd6 16. Bg3 O-O 17. O-O Na5 18. Qc2 Nc6 19. Qe2 Ra8 20. Na4 Rc8 21. Nc5 Bxc5 22. Rxc5 {½-½ (43) Seirawan,Y (2585)-Kramnik,V (2710) Monte Carlo 1994} 1/2-1/2

[Event "EOBCC TOP16 2020"]
[Site "Online"]
[Date "2020.12.19"]
[Round "1.2"]
[White "Ozen, Deniz"]
[Black "Indjic, Aleksandar"]
[Result "0-1"]
[WhiteElo "2412"]
[BlackElo "2604"]
[Annotator "TA"]
[PlyCount "194"]
[EventDate "2020.12.18"]
[EventType "k.o."]
[EventCountry "NET"]
[SourceTitle "playchess.com"]
[Source "ChessBase"]
[SourceQuality "1"]

{[%evp 9,193,35,33,28,29,31,35,29,26,28,31,-14,2,-19,-18,-19,-22,-25,-10,-23,-11,-57,-38,-68,-55,-77,-68,-107,-131,-282,-258,-277,-264,-284,-192,-187,-116,-116,-128,-105,-11,-39,-25,-48,-22,-23,-36,-33,-35,-60,-66,-80,-84,-73,-81,-138,-118,-123,-74,-148,-47,-376,-305,-297,-297,-272,-280,-802,-691,-462,-284,-287,-104,-246,-207,-235,-233,-699,-691,-684,-656,-29976,0,0,0,-8,-8,-11,-22,-522,-485,-5206,0,-2654,0,-5197,-25,-1124,-8,-275,-186,-155,-28,-190,-153,-520,-40,-40,-8,-8,-8,-8,-8,-8,-8,-8,-8,-12846,-12847,-5385,-4144,-29973,-608,-4144,-4144,-29978,-29977,-29979,-29976,-29976,-29977,-29977,-29977,-29978,-29978,-29978,-29979,-29979,-29980,-29982,-29982,-29983,-29984,-29984,-29983,-29983,-29984,-29984,-29983,-29983,-29984,-29984,-29983,-29983,-29984,-29986,-29983,-29987,-29986,-29988,-29988,-29989,-29988,-29990,-29991,-29991,-29991,-29991,-29992,-29992,-29990,-29991,-29992,-29993,-29994,-29994,-29995,-29995,-29996,-29996,-29997,-29997,-29998,-29998,-29999,-29999]} 1. e4 g6 2. d4 Bg7 3. Nc3 d6 4. Nf3 Nf6 5. Be2 a6 6. Bf4 {B08: Pirc Defence: Classical System.} O-O 7. O-O Nc6 {has lost popularity (7...b5).} 8. h3 {White is slightly better.} b5 9. e5 Nd7 {[%cal Rd6e5]} 10. exd6 cxd6 {[#]} 11. a4 $146 ({Predecessor:} 11. Qd2 Re8 12. Bh6 Bh8 13. a4 b4 14. Nd5 a5 15. c3 bxc3 16. bxc3 Nf6 17. Bb5 {½-½ (23) Blanco,H (2434)-Almeida Quintana,O (2521) Las Tunas 2009}) 11... b4 12. Nd5 Bb7 13. Ne3 Rc8 14. Re1 e5 15. dxe5 (15. Bg5 $5 {[%cal Rg5d8]} Nf6 16. dxe5 dxe5 17. Bc4 $11) 15... dxe5 16. Bg5 f6 $1 {[%cal Rf6g5]} 17. Bc4+ Kh8 18. Be6 Rc7 19. Nd5 $2 (19. Bh4 $17 {was forced.}) 19... Nc5 $19 20. Nxc7 Qxc7 21. Bd5 fxg5 22. Nxg5 h6 (22... Nd4 $19 23. Bxb7 Qxb7) 23. Ne4 $17 Nxe4 24. Bxe4 g5 (24... Nd4 $17 25. Bxb7 Qxb7) 25. c3 $11 bxc3 26. bxc3 Ne7 27. Bxb7 Qxb7 28. c4 Qc6 29. Rc1 Qc5 30. Qe2 Nc6 31. Qe3 Nd4 32. Kh1 (32. Qe4 $142) 32... Qc6 33. c5 Rf4 34. f3 {[#]} (34. Rb1 $142) 34... h5 ({Black should try} 34... Nxf3 $1 $17 {[%mdl 512]} 35. Re2 (35. gxf3 $2 Rxf3 36. Qe4 Rf1+ 37. Kg2 Qxe4+ {[%mdl 64] Overworked Piece} 38. Rxe4 Rxc1 $19) 35... Nh4) 35. Qf2 $2 {[%mdl 8192]} (35. Red1 $1 $15) 35... g4 36. hxg4 hxg4 37. Qh4+ Kg8 38. Rb1 $2 (38. fxg4 Nf3 39. gxf3 Qxf3+ {[%mdl 64] Double Attack} 40. Kh2 Rxg4 41. Qd8+ (41. Qh3 $2 Qf2+ 42. Kh1 Rh4 $19) 41... Kh7 42. Rg1 Qf2+ 43. Kh3 Qf3+ 44. Kh2 Qf2+ 45. Kh3 Qf3+ 46. Kh2) 38... gxf3 $19 39. Rb8+ Rf8 40. Rxf8+ Bxf8 $2 (40... Kxf8 $19 41. Rf1 e4) 41. Qg3+ (41. Qg5+ $17 Bg7 42. Rb1) 41... Bg7 {White must now prevent ...fxg2+.} 42. gxf3 Nxf3 43. Rb1 $2 (43. Rd1 Nd4+ 44. Qg2) 43... Nd2+ {[%mdl 64] Discovered Attack} 44. Qg2 Qh6+ 45. Qh2 Qc6+ $2 (45... Qxh2+ $1 {mates} 46. Kxh2 Nxb1 47. c6 e4 48. Kh3 Be5 49. Kg2 Bc7 50. Kf2 Bf4 51. Kg2 Nc3 52. Kh3 e3 53. Kg2 e2 54. Kf2 Bd2 55. Kf3 e1=Q 56. c7 Qe2+ 57. Kg3 Ne4+ 58. Kh3 Qf3+ 59. Kh2 Qg3+ {[%mdl 64] Double Attack} 60. Kh1 Nf2#) 46. Qg2 $11 Nf3 47. Rb8+ {[#]} Kf7 $1 48. Rb6 $1 {[%cal Rb6c6]} Qe4 {[#]} 49. Qf2 $2 {[%mdl 8192]} (49. Qg6+ $1 $11 {[%mdl 512]} Qxg6 50. Rxg6) 49... Bf6 $19 50. c6 (50. Rb8 $142) 50... Nh4+ $2 (50... Qg4 $19 51. Qa2+ Ke8 52. Rb8+ Bd8 53. Rxd8+ Kxd8 54. Qd5+ Kc7 55. Qd7+ Qxd7 56. cxd7 a5) 51. Kg1 $2 {[%mdl 8192]} (51. Kh2 $11) 51... Nf3+ (51... Qg4+ $142 52. Kf1 Qd1+ 53. Qe1 Qd3+ 54. Qe2 Qh3+ 55. Kg1 Nf3+ 56. Qxf3 Qxf3 57. Rb7+ Ke6) 52. Kh1 $1 {intending c7.} Nd4+ $2 (52... Qg4 $19 {( -> ...Qh3+)} 53. Qa2+ Ke8 54. Rb8+ Bd8 55. Rxd8+ Kxd8 56. Qd5+ Ke7 57. Qd7+ Qxd7 58. cxd7 a5) 53. Kg1 $2 {[%mdl 8192]} (53. Qg2 $11 Nf3 54. Rb7+ Be7 55. Qh3 (55. Qa2+ $2 Kf6 $19) 55... Ng5+ 56. Qg2) 53... Nxc6 $2 (53... Ne2+ $19 54. Kf1 Nf4 55. Rb7+ Kg6) 54. Rb7+ $2 {[%mdl 8192]} (54. Qa2+ $1 $11 {and White stays safe.} Kg6 55. Qg2+ Qxg2+ 56. Kxg2) 54... Kg6 55. Qg2+ Qxg2+ 56. Kxg2 {[#]} a5 $1 57. Rb6 $2 (57. Rb5 $17 {is tougher.}) 57... Nb4 $2 (57... Nd4 $19 58. Kf2 Kf5) 58. Rb5 $1 $15 e4 {...Nd3 is the strong threat.} 59. Rxa5 Nd3 {Threatens to win with ...Nf4+.} 60. Ra8 Bd4 61. Re8 {Cut Off at move 61} Kf5 62. a5 Nf4+ 63. Kf1 $2 {[%mdl 8192] [#] Black converts the advantage convincingly.} (63. Kg3 $11) 63... e3 $1 $19 64. a6 Kg4 65. Re4 Bb6 (65... Kf3 $142 66. Re7 e2+ 67. Rxe2 Nxe2 68. a7 Bxa7 69. Ke1 Be3 70. Kd1 Nc3+ 71. Kc2 Nd5 72. Kd3 Nc7 73. Kc4 Bg1 74. Kb3 Ke2 75. Ka3 Kd3 76. Kb3 Be3 77. Ka3 Bd2 78. Ka4 Bc3 79. Ka3 Ne6 80. Ka4 Kc4 81. Ka3 Nc5 82. Ka2 Kd3 83. Kb1 Kd2 84. Ka2 Kc2 85. Ka3 Bd2 86. Ka2 Bc1 87. Ka1 Na6 88. Ka2 Nb4+ 89. Ka1 Bb2#) 66. Ke1 Kf3 67. Rxe3+ Kxe3 {Black mates.} 68. Kd1 Kd3 69. Ke1 Ba7 70. Kf1 Ke4 71. Ke1 Nd5 72. Kf1 Kf3 73. Ke1 Nb4 74. Kf1 Nxa6 75. Ke1 Be3 76. Kf1 Nb4 77. Ke1 Nd5 {[%cal Bb4d5,Bd5f4,Bf4e6,Be6d4,Bd4f5,Bf5g3,Bg3e4,Be4f2][%mdl 32]} 78. Kf1 Nf4 79. Ke1 Ne6 80. Kf1 Nd4 81. Ke1 Nf5 82. Kf1 Ng3+ 83. Ke1 Ke4 84. Kd1 Kd3 85. Ke1 Bd4 86. Kd1 Bc3 87. Kc1 Ne4 88. Kd1 Nf2+ 89. Kc1 Kd4 90. Kc2 Kc4 91. Kc1 Kb3 92. Kb1 Bd2 93. Ka1 Bc1 94. Kb1 Ba3 95. Ka1 Ne4 96. Kb1 Nd2+ 97. Ka1 Bb2# {Weighted Error Value: White=1.07/Black=0.99} 0-1

[Event "EOBCC TOP16 2020"]
[Site "Online"]
[Date "2020.12.19"]
[Round "1.3"]
[White "Wojtaszek, Radoslaw"]
[Black "Meier, Georg"]
[Result "1/2-1/2"]
[WhiteElo "2705"]
[BlackElo "2628"]
[Annotator "TA"]
[PlyCount "79"]
[EventDate "2020.12.18"]
[EventType "k.o."]
[EventCountry "NET"]
[SourceTitle "playchess.com"]
[Source "ChessBase"]
[SourceQuality "1"]

{[%evp 9,79,15,16,-2,-16,-12,2,-20,-6,-22,-16,-63,-51,-142,-137,-132,-136,-121,-134,-195,-193,-197,-188,-191,-151,-216,-208,-285,-284,-278,-127,-119,-121,-388,-387,-376,-240,-359,-354,-399,-290,-452,-422,-439,-421,-581,-464,-1190,-1165,-1166,-1135,-1377,-1358,-29986,-795,-782,-577,-777,-764,-781,-342,-521,262,0,0,0,0,0,0,0,0,0]} 1. d4 Nf6 2. c4 e6 3. Nc3 Bb4 4. Nf3 Bxc3+ 5. bxc3 d6 6. g4 {E21: Nimzo-Indian: 4 Nf3.} b6 7. g5 Nfd7 8. h4 Nc6 {[#]} 9. h5 $146 ({Predecessor:} 9. e4 Na5 10. Be3 Qe7 11. Nd2 e5 12. h5 Bb7 13. Qg4 O-O-O 14. d5 Ba8 15. c5 dxc5 {½-½ (42) Mellado Trivino,J (2436)-Tallo Dominguez,I (2087) Sabadell 2009}) 9... Na5 10. Bg2 Bb7 11. g6 (11. c5 $15) 11... hxg6 $17 12. hxg6 Rxh1+ 13. Bxh1 f6 ({Not} 13... Nxc4 14. gxf7+ Ke7 15. Qd3 $18) 14. c5 (14. d5 $17) 14... dxc5 $19 15. Bf4 Nf8 16. Qd3 Qd7 17. Bg2 (17. dxc5 $17 {was necessary.} Qxd3 18. exd3) 17... O-O-O 18. Bh3 Kb8 19. Bg3 Bxf3 (19... Qa4 $19 {has better winning chances.} 20. Kf1 e5 $1 {[%mdl 512]}) 20. Qxf3 $17 cxd4 21. cxd4 $2 {[%mdl 8192]} (21. Bg2 $17 {was called for.} Qd5 22. Qxd5 exd5 23. cxd4) 21... Qxd4 $19 {[%cal Rd4a1]} 22. Rb1 Qd5 23. Qc3 (23. Qxd5 {might work better.} Rxd5 24. Bg2) 23... e5 24. f3 Nc6 {[%cal Ba5c6,Bc6d4,Bd4f3][%mdl 32]} 25. Bf2 (25. Rc1 {is a better defense.} Rd6 26. Bf5) 25... Nd4 26. Rc1 c5 27. Bg2 Nfe6 28. e3 (28. Qc4 $142 Qxc4 29. Rxc4) 28... Nxf3+ 29. Ke2 e4 30. Bg3+ Kb7 31. Qc2 {[#]} Qd2+ (31... Ned4+ $142 $1 32. exd4 Nxd4+ {[%mdl 64] Double Attack} 33. Kf2 Nxc2 34. Rxc2 Qd4+ 35. Ke2 {[#]} Qd3+ $1 {[%mdl 512]} 36. Kf2 Qxc2+ 37. Kg1 Qd1+ 38. Bf1 Qg4 $1 {[%mdl 512]} 39. Kh2 Rh8+ 40. Bh3 Rxh3+ {[%mdl 64] Double Attack} 41. Kg2 Rxg3+ 42. Kf1 e3 43. Ke1 Rg1#) 32. Qxd2 Rxd2+ 33. Kf1 Rxa2 34. Rd1 f5 (34... c4 $142 35. Bd6 a5) 35. Rd6 (35. Rd7+ {is the only way for White.} Kc8 36. Re7) 35... Ka6 $4 {[%mdl 8192]} (35... Nfg5 $19 36. Rd5 c4) 36. Rxe6 $2 (36. Bxf3 $18 exf3 37. Rxe6) 36... Ra1+ $1 $11 {The position is equal.} 37. Kf2 Ra2+ 38. Kf1 {Bxf3 is the strong threat.} Ra1+ $1 39. Kf2 Ra2+ 40. Kf1 {Weighted Error Value: White=1.10/Black=0.57} 1/2-1/2

[Event "EOBCC TOP16 2020"]
[Site "Online"]
[Date "2020.12.19"]
[Round "1.3"]
[White "Bluebaum, Matthias"]
[Black "Onischuk, Vladimir"]
[Result "1-0"]
[WhiteElo "2672"]
[BlackElo "2633"]
[Annotator "TA"]
[PlyCount "145"]
[EventDate "2020.12.18"]
[EventType "k.o."]
[EventCountry "NET"]
[SourceTitle "playchess.com"]
[Source "ChessBase"]
[SourceQuality "1"]

{[%evp 12,145,31,28,35,32,45,45,47,24,39,31,52,42,63,0,9,-42,-23,-15,-30,-32,0,0,0,0,10,10,8,7,8,0,0,0,14,14,13,16,23,18,29,12,131,113,173,97,178,181,222,207,329,323,343,211,478,472,459,463,567,567,560,537,587,571,771,622,794,595,818,782,972,1000,987,995,995,988,964,964,1046,927,981,951,1018,924,1072,1053,1226,1207,1199,1165,1144,1004,1403,1625,1389,1574,1412,1350,1247,1003,927,863,867,864,857,856,838,838,1650,1594,896,1865,1297,1055,1385,831,29971,29973,29975,29976,29976,29977,29979,29980,29981,29982,29982,29983,29983,29981,29984,29982,29982,29983,29985,29986]} 1. d4 d6 2. Nf3 g6 3. c4 Bg7 4. Nc3 Nc6 5. d5 Ne5 6. Nxe5 Bxe5 7. e4 Nf6 {The main line 7...Nf6 scores better than 7...Bg7. A41: 1 d4 d6: Tartakower System and Modern Defence.} 8. Bd3 O-O 9. O-O c6 {White is slightly better. is the legacy move (9...e6).} 10. h3 Re8 {[#]} 11. f4 $146 ({Predecessor:} 11. Be3 cxd5 12. cxd5 e6 13. dxe6 Bxe6 14. f4 Bxc3 15. bxc3 Bf5 16. exf5 Rxe3 17. fxg6 hxg6 {0-1 (29) Arnaudov,P (2457)-Onischuk,V (2594) Albena 2014}) 11... Bd4+ 12. Kh2 cxd5 13. exd5 (13. cxd5 $14 Bd7 14. Qf3) 13... e5 {White should prevent ...Ng4+!} 14. Be2 (14. dxe6 $11 Bxe6 15. Qf3) 14... a6 15. fxe5 Bxe5+ 16. Bf4 Qe7 {[#] ...Bxc3 is the strong threat.} 17. Qd2 Bf5 18. Rae1 Ne4 19. Nxe4 Bxe4 20. Bg4 Bxf4+ 21. Qxf4 {Strongly threatening Rxe4!} f5 22. Bf3 Qe5 23. Bxe4 fxe4 24. Qxe5 Rxe5 $11 {[%mdl 4096] Endgame KRR-KRR} 25. Rf6 Rd8 26. Re6 Re8 {White leaves nothing to chance now.} (26... Rxe6 $1 $11 {keeps the balance.} 27. dxe6 Kf8) 27. Rxd6 $16 e3 (27... Rc8 $16) 28. Re2 (28. Rb6 $18) 28... Re4 (28... Rc8 $16) 29. b3 $18 Rd4 30. Kg3 Rd2 (30... g5 {was worth a try.} 31. Rd7 h5 32. Rxb7 h4+ 33. Kh2 a5) 31. Kf3 Rd3 32. Re6 Rf8+ $2 (32... Rxe6 33. dxe6 Kf8 34. Rxe3 Rd2 35. e7+ Ke8) 33. Ke4 Rd1 34. Kxe3 b5 35. Rxa6 bxc4 36. bxc4 Rc1 37. Kd3 Rf4 38. Rc6 Kg7 39. a4 Rff1 40. Kd4 Rfd1+ 41. Kc5 Ra1 42. Ra6 Rac1 43. Re7+ Kh6 44. Raa7 Rc3 45. Rxh7+ Kg5 46. Rhe7 Kf4 47. Rac7 Rdc1 48. Kd6 Ra3 49. c5 Rxa4 50. c6 Ra5 51. Rf7+ Ke4 52. Rce7+ Kd3 53. Rf3+ Kd4 54. Rf4+ Kd3 55. Rb7 Rcc5 56. c7 Rxd5+ 57. Ke6 Re5+ 58. Kf6 Rec5 59. Kxg6 Ra6+ 60. Rf6 Ra2 61. g4 Rac2 62. Rd6+ Ke4 63. Rd8 Rc6+ 64. Kh5 {White mates.} R2c5+ 65. g5 Kf4 66. h4 Kf5 67. Rf8+ Ke6 {[#]} 68. c8=Q+ $1 Rxc8 69. Rxc8 Rxc8 70. Kg6 Rg8+ 71. Rg7 Rh8 72. h5 Rf8 73. h6 {Accuracy: White = 80%, Black = 50%.} 1-0